000 00303nam a22001337a 4500
008 170608b xxu||||| |||| 00| 0 eng d
020 _a9780618870783
041 _aeng
080 _a32
100 _a18
101 _aSHP
245 _aEUROPEAN POLITICS IN TRANSITION
_cKESSELMAN.M
942 _2udc
_cBK
999 _c16421
_d16421